000 00688nam a22002297a 4500
003 UA-OsUOA
001 76313
007 ta
008 20110623b un ||||| |||| 00| 0 ukr d
090 _a930.2
_bУ11
942 _cBK
040 _aUA-OsUOA
_brus
_cUA-OsUOA
_dUA-OsUOA
245 _aУ источника: Сборник статей в честь Сергея Михайловича Каштанова
300 _a495 с.
955 _a2
041 _arus
080 _a930.2
020 _a5-02-010292-Х
260 _aМ.
_bНаука
_c2005
650 7 _a930 Історична наука. Допоміжні історичні дисципліни
_2UDC
999 _c362617
_d362617